Maiores Cidades do RS A-Z - Statistics

Estatísticas Gerais
  • Esse quiz foi jogado 55 vezes
  • A pontuação média é 12 de 23
Estatísticas das Respostas
Hint Resposta % Correto
P- 1 332 570 Porto Alegre
98%
C- 463 338 Caxias do Sul
93%
R-191 900 Rio Grande
73%
U- 117 210 Uruguaiana
73%
S- 271 633 Santa Maria
69%
V- 224 116 Viamão
67%
N- 227 732 Novo Hamburgo
64%
B- 123 151 Bento Gonçalves
56%
E- 105 705 Erechim
56%
G- 265 070 Gravataí
56%
A- 187 315 Alvorada
51%
L- 93 646 Lajeado
51%
F- 69 885 Farroupilha
49%
I- 84 726 Ijuí
49%
O- 47 400 Osório
49%
X- 16 463 Xangri-lá
49%
Q- 23 500 Quaraí
40%
T- 54 387 Tramandaí
38%
W- 3 098 Westfália
38%
H- 18 851 Horizontina
29%
M- 63 624 Montenegro
24%
D- 36 981 Dom Pedrito
22%
J- 18 226 Júlio de Castilhos
16%
Nenhum quiz correspondente encontrado
Distribuição das Pontuações
Porcentagem de Pessoas com Cada Pontuação
Percentil de Números Respondidos
Sua Pontuação Histórica
Você não jogou esse quiz